000 00522nam a2200205Ia 4500
003 OSt
005 20221002054923.0
006 a|||||r|||| 00| 0
007 ta
008 220930b |||||||| |||| 00| 0 pan d
024 _a71077
037 _cReference Collections
040 _aCRL
_cCRL
_bpun
041 _2pun
_apun
082 _aO153,1x, F2(RR)
245 0 _aਗੁਰਮਤ ਸੁਧਾਕਰ
260 _c1922
942 _hO153,1x, F2(RR)
_cref
_2CC
999 _c926195
_d926195